<?xml version="1.0" encoding="UTF-8"?>
<record
    xmlns:xsi="http://www.w3.org/2001/XMLSchema-instance"
    xsi:schemaLocation="http://www.loc.gov/MARC21/slim http://www.loc.gov/standards/marcxml/schema/MARC21slim.xsd"
    xmlns="http://www.loc.gov/MARC21/slim">

  <leader>02424nam a22003617a 4500</leader>
  <controlfield tag="003">DO-SdBPM</controlfield>
  <controlfield tag="005">20251020095804.0</controlfield>
  <controlfield tag="008">180205b 2000 sp |||| 00| 0 spa d</controlfield>
  <datafield tag="020" ind1=" " ind2=" ">
    <subfield code="a"> 8434504146 (obra completa)</subfield>
  </datafield>
  <datafield tag="020" ind1=" " ind2=" ">
    <subfield code="a">8434504162 (v.2)</subfield>
  </datafield>
  <datafield tag="040" ind1=" " ind2=" ">
    <subfield code="a">DO-SdBPM</subfield>
    <subfield code="b">spa</subfield>
    <subfield code="c">BPMSU</subfield>
    <subfield code="d">rda</subfield>
  </datafield>
  <datafield tag="082" ind1=" " ind2="4">
    <subfield code="a">618.92 </subfield>
    <subfield code="b">N118c  2000</subfield>
    <subfield code="2">22</subfield>
  </datafield>
  <datafield tag="100" ind1="1" ind2=" ">
    <subfield code="a"> </subfield>
  </datafield>
  <datafield tag="245" ind1="1" ind2="0">
    <subfield code="a">Nacer y crecer :</subfield>
    <subfield code="b"> el mundo de tu hijo paso a paso / </subfield>
    <subfield code="c">Texto de este volumen Mart&#xED; Pall&#xE1;s Padilla ; direcci&#xF3;n editorial, Francesc Navarro </subfield>
  </datafield>
  <datafield tag="264" ind1=" " ind2=" ">
    <subfield code="a">Barcelona : </subfield>
    <subfield code="b">Salvat Editores,</subfield>
    <subfield code="c"> 2000</subfield>
  </datafield>
  <datafield tag="300" ind1=" " ind2=" ">
    <subfield code="a">volumenes  :</subfield>
    <subfield code="b">ilustraci&#xF3;n  ;</subfield>
    <subfield code="c">25 cm</subfield>
  </datafield>
  <datafield tag="336" ind1=" " ind2=" ">
    <subfield code="a">texto</subfield>
    <subfield code="b">txt</subfield>
    <subfield code="2">rdacontent</subfield>
  </datafield>
  <datafield tag="337" ind1=" " ind2=" ">
    <subfield code="a">sin mediaci&#xF3;n </subfield>
    <subfield code="b">n</subfield>
    <subfield code="2">rdamedia </subfield>
  </datafield>
  <datafield tag="338" ind1=" " ind2=" ">
    <subfield code="a">volumen </subfield>
    <subfield code="b">vc</subfield>
    <subfield code="2">rdacarrier </subfield>
  </datafield>
  <datafield tag="490" ind1="0" ind2=" ">
    <subfield code="a"> </subfield>
    <subfield code="v">21 </subfield>
  </datafield>
  <datafield tag="500" ind1=" " ind2=" ">
    <subfield code="3">Incluye bibliograf&#xED;a e &#xED;ndice. </subfield>
  </datafield>
  <datafield tag="505" ind1="0" ind2=" ">
    <subfield code="a">v. 1. Estoy embarazada! -- v. 2. El desarrollo de un nuevo ser, el cuerpo de la madre y el desarrollo del feto mes a mes, embarazo gemelar  -- v. 3. La salud de la futura madre -- v. 4. Nueve meses en plena forma -- v. 5. La alimentacin de la embarazada -- v. 6. La llegada del nuevo ser -- v. 7. Despus del parto -- v. 8. El reci&#xE9;n nacido, el peso y la talla , el aseo del peque&#xF1;o, el sue&#xF1;o. cuidados del ni&#xF1;o prematuro  -- v. 9. La lactancia -- v. 10. Los tres primeros meses del beb -- v. 11. El beb de los tres a los doce meses -- v. 12. Higiene y salud del beb -- v. 13. Comunicacin y lenguaje -- v. 14. El segundo a&#xF1;o de vida del ni&#xF1;o -- v. 15. El tercer a&#xF1;o de vida del ni&#xF1;o -- v. 16. El ni&#xF1;o entre tres y seis a&#xF1;os -- v. 17. El peque&#xF1;o gastrnomo -- v. 18. Canguros, guarderas y tiempo libre -- v. 19. Comenzar a aprender -- v. 20. El juego -- v. 21. Crecer desde la motivacin -- v. 22. Desarrollo psicolgico del ni&#xF1;o -- v. 23. Deteccin de trastornos de la conducta -- v. 24. Seguridad y prevencin infantil -- v. 25. Primeros auxilios -- v. 26. Enfermedades infantiles - I -- v. 27. Enfermedades infantiles - II -- v. 28. La familia y el ni&#xF1;o - I -- v. 29. La familia y el ni&#xF1;o - II -- v. 30. Glosario, ndice</subfield>
  </datafield>
  <datafield tag="590" ind1=" " ind2=" ">
    <subfield code="a">Inventariado, 2025/VM</subfield>
  </datafield>
  <datafield tag="650" ind1=" " ind2="7">
    <subfield code="a">Embarazo.</subfield>
    <subfield code="v"> </subfield>
  </datafield>
  <datafield tag="650" ind1=" " ind2="7">
    <subfield code="a"> Pediatr&#xED;a</subfield>
  </datafield>
  <datafield tag="650" ind1=" " ind2="7">
    <subfield code="a">Ni&#xF1;os</subfield>
    <subfield code="x">Cuidado e higiene. </subfield>
  </datafield>
  <datafield tag="650" ind1=" " ind2="4">
    <subfield code="a">Ni&#xF1;os</subfield>
    <subfield code="x">Crecimiento</subfield>
  </datafield>
  <datafield tag="650" ind1=" " ind2="7">
    <subfield code="a">Padres e hijos</subfield>
  </datafield>
  <datafield tag="700" ind1="1" ind2=" ">
    <subfield code="a">Navarro, Francesc</subfield>
    <subfield code="e">direcci&#xF3;n editorial </subfield>
  </datafield>
  <datafield tag="700" ind1="1" ind2=" ">
    <subfield code="a">Pall&#xE1; Padilla, Mart&#xED;</subfield>
    <subfield code="e">texto</subfield>
  </datafield>
  <datafield tag="910" ind1=" " ind2=" ">
    <subfield code="a">VMateo V. Control de calidad. BPMSU</subfield>
  </datafield>
  <datafield tag="942" ind1=" " ind2=" ">
    <subfield code="2">ddc</subfield>
    <subfield code="c">BK</subfield>
  </datafield>
  <datafield tag="952" ind1=" " ind2=" ">
    <subfield code="0">0</subfield>
    <subfield code="1">0</subfield>
    <subfield code="2">ddc</subfield>
    <subfield code="7">0</subfield>
    <subfield code="8">CG</subfield>
    <subfield code="a">BPMET</subfield>
    <subfield code="b">BPMET</subfield>
    <subfield code="d">2025-10-20</subfield>
    <subfield code="e">FUNDI</subfield>
    <subfield code="l">0</subfield>
    <subfield code="o">BPMSU CG 618.92  N118c  2000</subfield>
    <subfield code="p">BPMSU25100082</subfield>
    <subfield code="r">2025-10-20</subfield>
    <subfield code="t">v.2</subfield>
    <subfield code="w">2025-10-20</subfield>
    <subfield code="y">BK</subfield>
  </datafield>
  <datafield tag="952" ind1=" " ind2=" ">
    <subfield code="0">0</subfield>
    <subfield code="1">0</subfield>
    <subfield code="2">ddc</subfield>
    <subfield code="7">0</subfield>
    <subfield code="8">CG</subfield>
    <subfield code="a">BPMET</subfield>
    <subfield code="b">BPMET</subfield>
    <subfield code="d">2025-10-20</subfield>
    <subfield code="e">FUNDI</subfield>
    <subfield code="l">0</subfield>
    <subfield code="o">BPMSU CG 618.92  N118c  2000</subfield>
    <subfield code="p">BPMSU25100083</subfield>
    <subfield code="r">2025-10-20</subfield>
    <subfield code="t">v.8</subfield>
    <subfield code="w">2025-10-20</subfield>
    <subfield code="y">BK</subfield>
  </datafield>
  <datafield tag="999" ind1=" " ind2=" ">
    <subfield code="c">15467</subfield>
    <subfield code="d">15467</subfield>
  </datafield>
</record>
